Statistics for Top 50 Golf Courses in the U.S.

Click here to take the quiz!

General Stats

  • This quiz has been taken 17 times
  • The average score is 10 of 50

Answer Stats

HintAnswer% Correct
8Pebble Beach
100%
2Augusta National
87%
1Pine Valley
60%
40Bethpage Black
53%
5Oakmont
47%
22Riviera
47%
4Shinnecock Hills
47%
23Whistling Straits
47%
3Cypress Point
40%
17The Country Club
40%
6Merion
33%
32Southern Hills
33%
37Bandon Dunes
27%
46Erin Hills
27%
7National Golf Links
27%
18Pacific Dunes
20%
11Seminole
20%
44Ballyneal
13%
13Chicago
13%
29Pinehurst No.2
13%
10Sand Hills
13%
36San Francisco
13%
24The Ocean Course
13%
41Winged Foot (East)
13%
12Winged Foot (West)
13%
45Baltusrol (Lower)
7%
49Butler National
7%
48Castle Pines
7%
14Crystal Downs
7%
9Fishers Island
7%
31Gozzer Ranch
7%
19Los Angeles (North)
7%
20Oak Hill (East)
7%
30Peachtree
7%
33Pikewood National
7%
25Prairie Dunes
7%
38Sebonack
7%
43The Golf Club
7%
28The Honors Course
7%
34The Olympic Club (Lake)
7%
42Camargo Club
0%
39Congaree
0%
16Friar's Head
0%
15Muirfield Village
0%
21Oakland Hills (South)
0%
27Shadow Creek
0%
50Somerset Hills
0%
35The Alotian Club
0%
47Victoria National
0%
26Wade Hampton
0%

Score Distribution

Percentile by Number Answered

Percent of People with Each Score

Your Score History

You have not taken this quiz